EFL teachers' perceptions and teaching procedure of project activities in Tieng Anh textbook series : Master of education program principles and methods in English language education

This thesis introduce about EFL teachers' perceptions and teaching procedure of project activities in Tieng Anh textbook series.

Uloženo v:
Podrobná bibliografie
Hlavní autor: Tran, Thanh Tung
Médium: Kniha
Jazyk:Undetermined
Vydáno: Can Tho Can Tho university 2018
Témata:
Tagy: Přidat tag
Žádné tagy, Buďte první, kdo otaguje tento záznam!
Thư viện lưu trữ: Trung tâm Học liệu Trường Đại học Cần Thơ
LEADER 00894nam a2200217Ia 4500
001 CTU_227396
008 210402s9999 xx 000 0 und d
082 |a 420.7 
082 |b T513 
100 |a Tran, Thanh Tung 
245 0 |a EFL teachers' perceptions and teaching procedure of project activities in Tieng Anh textbook series : 
245 0 |b Master of education program principles and methods in English language education 
245 0 |c Tran Thanh Tung ; Pham Thi Hong Nhung (supersor) 
260 |a Can Tho 
260 |b Can Tho university 
260 |c 2018 
520 |a This thesis introduce about EFL teachers' perceptions and teaching procedure of project activities in Tieng Anh textbook series. 
650 |a English language,Tiếng Anh 
650 |x Study and teaching,Học và dạy học 
910 |b dqhieu 
980 |a Trung tâm Học liệu Trường Đại học Cần Thơ